header

The utilization-adjusted output gap (Record no. 207053)

MARC details
000 -LEADER
fixed length control field 01568nam a2200349Ia 4500
100 1# - MAIN ENTRY--AUTHOR NAME
Personal name Oomes, Nienke.
245 14 - TITLE STATEMENT
Title The utilization-adjusted output gap
260 ## - PUBLICATION, DISTRIBUTION, ETC. (IMPRINT)
Place of publication [Washington, D.C.] :
Name of publisher International Monetary Fund, European Dept. and Policy Development and Review Dept.,
Year of publication c2006.
300 ## - PHYSICAL DESCRIPTION
Number of Pages 44 p. :
Other physical details ill.
490 1# - SERIES STATEMENT
Series statement IMF working paper ;
500 ## - GENERAL NOTE
General note "March 2006."
650 #0 - SUBJECT ADDED ENTRY--TOPICAL TERM
Topical Term Inflation (Finance)
Topical Term Input-output analysis
Topical Term Phillips curve
700 1# - ADDED ENTRY--PERSONAL NAME
Personal name Dynnikova, Oksana.
856 40 - ELECTRONIC LOCATION AND ACCESS
Uniform Resource Identifier http://site.ebrary.com/lib/rucke/Doc?id=10380839

No items available.

© 2026 Rongo University
Contact us: librarian | system librarian | Rongo university